000 01231nam a22002417a 4500
001 2164
005 20231108100505.0
020 _a9780199185047
040 _aFISKH
_beng
_cFISKH
_dFISKH
082 _a428.6
100 _aHunt, Roderick
245 _aThe dragon dance /
_cRoderick Hunt Alex Brychta
260 _bOxford University Press,
_c1997
300 _a24 pages :
_c20 cm
505 _aH
520 _aThe teaching notes for the Oxford Reading Tree Biff, Chip and Kipper books are full of practical suggestions for using the storybooks, saving you hours of preparation time. They have been updated in line with the simple view of reading and the renewed Primary Framework for Literacy. They nowinclude guidance for group/guided reading, comprehension and word recognition, and assessment. These replace the existing Teaching Notes and Guided Reading Cards.The storybooks are unchanged, but notes for parents/carers and teaching assistants have been added to the inside covers. These notes replace the existing Take-Home Cards.
521 _a500
_bLexile estimate
521 _aH
_bRaz-Plus
650 _aChinese New Year
650 _aChinese Tradition
700 _aBrychta, Alex
_eIllustrator
942 _2ddc
_cBK
_n0
999 _c2164
_d2164